| 000 | 00949cam a2200265 4500 | ||
|---|---|---|---|
| 001 | WB3638-11 | ||
| 008 | 000000n2000 000 0 eng u | ||
| 035 | _a(Sirsi) u108478 | ||
| 245 | _aWebsite greeted with caution | ||
| 260 | _c2000 | ||
| 490 |
_aEstates Gazette _v0038(23) 23 September, 44(1) |
||
| 520 | _aAn internet service that claims 500,000 properties could be devalued because of their proximity to contaminated sites, is criticised by environmental surveyors for scaremongering. The RICS believes that homecheck.co.uk and similar sites may provide some useful information, but people should still consult experts. | ||
| 590 | _aWB | ||
| 650 | _aPOLLUTION | ||
| 650 | _aVALUES | ||
| 650 | _aPROXIMITY | ||
| 650 | _aHOMECHECK.CO.UK | ||
| 650 | _aENVIRONMENTAL RISKS | ||
| 650 | _aCONTAMINATED SITES | ||
| 650 | _aHOUSING | ||
| 650 | _aRICS | ||
| 650 | _aWEBSITES | ||
| 690 | _aENVIRONMENT-CONTAMINATION | ||
| 942 | _n0 | ||
| 999 |
_c64767 _d64767 |
||